000 00715nam a2200241 a 4500
008
020 _a0312267355 (cased)
049 _aMAIN
090 _aHG3897
_bKAN
100 1 _aKane, Daniel R.
245 1 4 _aThe Eurodollar market and the years of crisis /
_cDaniel R. Kane.
260 _aNew York :
_bSt. Martin's Press,
_c1983.
300 _axi, 189 p. :
_bill. ;
_c23 cm.
504 _aIncludes bibliographical references.
500 _aIncludes index.
650 0 _aEuro-dollar market.
650 0 _aInternational finance.
907 _a.b10059866
_b16-04-12
_c17-04-03
003
005 20230123133235.0
040 _cNUST
942 _cBOOKS
_kHG3897
_mKAN
999 _c145183
_d145183